Datum a čas kvízu
30
Celkem bodů
Celkový počet nahraných bodů na tomto kvízu bez doplňovacích otázek.
1.
Pořadí na kvízu
Konečné umístění týmu na tomto kvízu.
Zaznamenané odpovědi
| # | Otázka | Odpověď | Body | Výsledky |
|---|---|---|---|---|
| 1. | Jeden z ministrů české vlády s... | Robert Plaga | 1 | |
| 2. | Jeden muž v severoanglickém Ma... | had | 1 | |
| 3. | Internetová platforma TikTok p... | YouTube | 0 | |
| 4. | Další z obchodních řetězců pů... | Lidl | 1 | |
| 5. | V minulém týdnu odstartoval no... | Vítkovice a Litvínov | 0.5 | |
| 6. | Po dějinách Ukrajiny, které js... | Arpádovci | 0 | |
| 7. | Jak se nazývá město v jižním M... | Moháč | 0 | |
| 8. | V rámci Pařížské mírové konfer... | Trianonská smlouva | 0 | |
| 9. | Období mezi lety 1969–1989 v M... | János Kádár | 1 | |
| 10. | Napište šestipísmennou zkratku... | Fidesz | 0 |